00353nam a2200157Ia 4500003000900000005001700009008004100026040001300067040001300080041000800093100001900101100001000120245005100130300000800181490000600189IT-RoPAU20220918175607.0120407s9999 xx 000 0 und d aIT-RoPAU cIT-RoPAU aita aPaolo Philippe cmons. aI fini della vita religiosa secondo S. Tommaso c cm v1